Elements of psychology

Bibliographic Details
Main Author: Feldman, Robert S.
Format: Book
Published: New York : McGraw-Hill , 1992
Subjects:

MARC

LEADER 00000cam a2200000 7i4500
001 0000002257
002 000002459
005 20081110.0
020 |a 0071126139 
090 0 0 |a 150   |b FEL 
100 1 |a Feldman, Robert S. 
245 1 0 |a Elements of psychology   |c Robert S.Feldman 
260 |a New York :   |b McGraw-Hill ,   |c 1992 
300 |a 545p. ;   |c 23cm. 
650 0 0 |a Psychology 
999 |a 035505   |b BUKU   |c PINJAMAN   |e PERPUSTAKAAN KOMUNITI PETALING JAYA